[Event "COL visually impaired 14th"]
[Site "Armenia"]
[Date "2018.11.10"]
[Round "4.14"]
[White "Astudillo Escobar, Jose Fernando"]
[Black "Alvarez, Juan Evangelista"]
[Result "0-1"]
[WhiteElo "1460"]
[BlackElo "1669"]
[PlyCount "27"]
[EventDate "2018.11.09"]
[EventType "swiss"]
[EventRounds "6"]
[EventCountry "COL"]
[SourceTitle "EXT 2024"]
[Source "ChessBase"]
[SourceDate "2023.10.10"]
[SourceVersion "1"]
[SourceVersionDate "2023.10.10"]
[SourceQuality "1"]

1. e4 Nf6 2. e5 Nd5 3. Bc4 Nb6 4. Qf3 Nxc4 5. Qc3 b5 6. Nf3 Nc6 7. d3 Nb6 8. Bh6 d6 9. Bg5 Qd7 10. 0-0 b4 11. Qe1 h6 12. Bh4 g5 13. Bxg5 hxg5 14. Nxg5 0-1